000 00206nam a2200085Ia 4500
008 120527s9999 xx 000 0 und d
100 _aAllen, Linda
245 _aCapital marketing and institution
942 _cBK
999 _c27244
_d27244